00865nam a22002417a 450000500170000001000130001702000260003003500130005603700160006908200110008510000310009624500980012726000460022527000540027130000270032550000220035265000290037465000260040370000330042994200200046299900190048295201220050120170124110129.0 aB-106859 c245.00a9780195664775 aB-106859 bCen Lib/Ret aNbRAT aRath, Chandrasekhar931910 aAstride the wheel :cby Chandrasekhar Rath; translated by Jatindra Kumar Nayakbyantrarudha / aNew DelhibOxford university press c2003 bNew DelhiaYMCA builiding, Jai singh roade110001 axxviii,179p.c21cm(Hb) aIncludes glossary aOriya literature 923291 aOriya fiction 931773 931852aNayak, Jatindra Kumar 2ddccENhNmRAT c131494d131494 00104070aLbLd2015-07-15eCen Lib/Retg245.00l0oN RATpB-106859r2015-07-15 00:00:00t1v245.00w2015-07-15yEN